00346nam a2200097Ia 4500008004100000020001800041100002800059245010100087260004600188300001400234171205s9999 xx 000 0 und d a9789715428149 aGuda, Kenneth Roland A. cKenneth Roland A. GudaaPeryodismo sa Bingit Mga naratibong ulat sa panahon ng digmaan at krisis bUniversity of the Philippines Pressc2016 a175 pages